LEADER 00976nam a2200229 i 4500 001 000000049825 003 CaOOAMICUS 005 20120627000000.0 008 120627s1944 it u000 u ita u 013 $a20996 040 $aSeMil$bita 245 10$aAmplexus interruptus :$beffetti deleteri alla salute con particolare riguardo all'organo della vista /$cAlfredo Cucco. 250 $aNuova edizione aggiornata. 260 $aMilano :$bMondadori,$ccopyr. 1944. 300 $a434 p. ;$c19 cm. 490 0 $aCultura d'oggi 650 4$aMorale sessuale.$0(OLS)http://semarc/subject/3413 830 0$aCultura d'oggi.$0(OLS)http://semarc/title/6835 850 $aSeMil 852 $aSeMil$W1$xVenegono$y1$m2E III 95$j15980$B15980$CSeMilBibl$Z2$F15980 $81 996 $6245$aAmplexus interruptus :$beffetti deleteri alla salute con particolare riguardo all'organo della vista$9(OLS)http://semarc/title/75917 996 $6260$aMilano :$bMondadori$9(OLS)http://semarc/publisher/30335 LEADER 01415nam a2200289 i 4500 001 000000197671 003 CaOOAMICUS 005 20110218000000.0 008 110218s1968 it u000 u ita u 013 $a176358 040 $aSeMil$bita 100 1 $aNove, Alec.$0(OLS)http://semarc/name/27307 240 10$aWas Stalin really necessary? :$bsome problems of Sovietic political economy.$0(OLS)http://semarc/title/409405 245 10$aStalinismo e antistalinismo nell'economia sovietica /$cAlec Nove. 246 04$iTitolo in copertina:$aStalin era davvero necessario? 260 $aTorino :$bGiulio Einaudi,$ccopyr. 1968. 300 $a294 p. ;$c18 cm. 490 0 $aPiccola biblioteca Einaudi ;$v108 500 $aContiene : Glossario. - In appendice : I contadini nella letteratura sovietica dopo la morte di Stalin. 650 4$aStalinismo.$0(OLS)http://semarc/subject/7233 650 4$aUnione Sovietica - Economia.$0(OLS)http://semarc/subject/6573 830 0$aPiccola biblioteca Einaudi ;$v108.$0(OLS)http://semarc/title/11221 850 $aSeMil 852 $aSeMil$W1$xVenegono$y1$m3L I 177$j148227$B148227$CSeMilBibl$Z2$F159649 $81 996 $6245$aStalinismo e antistalinismo nell'economia sovietica$9(OLS)http://semarc/title/285458 996 $6246$aStalin era davvero necessario?$9(OLS)http://semarc/title/285459 996 $6260$aTorino :$bGiulio Einaudi$9(OLS)http://semarc/publisher/29810